Guía de productos fitosanitarios para la República Argentina.

Guardado en:
Autor Corporativo: Cámara de Sanidad Agropecuaria y Fertilizantes.
Formato: Libro
Idioma:Spanish
Publicado: Buenos Aires. : Cámara de Sanidad Agropecuaria y Fertilizantes. CASAFE, 1999.
Edición:9a ed.
Etiquetas: Agregar Etiqueta
Sin Etiquetas, Sea el primero en etiquetar este registro!
LEADER 00589nam a22001695a 4500
001 EEA.libagro006205
005 20190307130822.0
008 130809s1999####ag#a##########000#0#spa#d
020 |a 9879942442 
082 0 4 |a 632.95 
082 0 4 |a 668.6 
110 2 |a Cámara de Sanidad Agropecuaria y Fertilizantes. 
245 1 0 |a Guía de productos fitosanitarios para la República Argentina. 
250 |a 9a ed. 
260 |a Buenos Aires. :  |b Cámara de Sanidad Agropecuaria y Fertilizantes. CASAFE,  |c 1999. 
300 |a 1600 p. :  |b il. ;  |c 23 cm. 
859 |a AR-BbBCA  |b BIB. AGRONOMIA  |h 632.95  |i A691a9 1999  |p 1999/3566